Statistics for Top Boy Baby Names of 2013

Click here to take the quiz!

General Stats

  • This quiz has been taken 332 times
  • The average score is 2 of 10

Answer Stats

HintAnswer% Correct
1Jacob
81%
3Liam
39%
6Aiden
37%
2Max
18%
5Mo
10%
7Andy
3%
10Gus
2%
4Ted
2%
8Bertie
1%
9Ned
1%

Score Distribution

Percentile by Number Answered

Percent of People with Each Score

Your Score History

You have not taken this quiz